000 00631cai a22001935a 4500
001 L157328
008 121019s2012 xxkqr p 0 a0eng u
035 _a(Sirsi) u157328
041 0 _aeng
110 2 _aWikipedia
245 0 0 _aBuilding information modeling
_h[electronic resource]
260 _a[S.l.]
_b[s.n.]
_c2012
520 _aAn overview of BIM or building information modelling with details of its use internationally.
590 _aKA
651 4 _aInternational
690 _aBIM
_96219
856 4 0 _uhttps://en.wikipedia.org/wiki/Building_information_modeling
_zView the website at en.wikipedia.org
942 _n0
999 _c114723
_d114723